Every Song by Young the Giant - Statistics

General Stats
  • This quiz has been taken 9 times
  • The average score is 18 of 67
Answer Stats
Album Song % Correct
Young the Giant(2010) Cough Syrup
100%
Mind over Matter(2014) Mind over Matter
83%
Home of the Strange(2016) Amerika
67%
Home of the Strange(2016) Home of the Strange
67%
Mind over Matter(2014) Anagram
50%
Mind over Matter(2014) Crystallized
50%
Mirror Master(2018) Heat of the Summer
50%
Mirror Master(2018) Mirror Master
50%
Home of the Strange(2016) Silvertongue
50%
Home of the Strange(2016) Something to Believe In
50%
Young the Giant(2010) Strings
50%
Mirror Master(2018) Superposition
50%
Mind over Matter(2014) Teachers
50%
American Bollywood(2022) American Bollywood
33%
Young the Giant(2010) Apartment
33%
Mind over Matter(2014) Daydreamer
33%
Young the Giant(Bonus)(2010) Every Little Thing
33%
Young the Giant(2010) God Made Man
33%
Young the Giant(2010) I Got
33%
Mind over Matter(2014) It's About Time
33%
Home of the Strange(2016) Jungle Youth
33%
Non-Album(2015) Mirrorball
33%
Young the Giant(2010) My Body
33%
Mirror Master(2018) Tight Rope
33%
Home of the Strange(2016) Titus Was Born
33%
Mirror Master(2018) You + I
33%
Young the Giant(2010) 12 Fingers
17%
Home of the Strange(2016) Art Exhibit
17%
Mirror Master(2018) Brother's Keeper
17%
Mirror Master(2018) Call Me Back
17%
Mind over Matter(2014) Camera
17%
American Bollywood(2022) Commotion
17%
American Bollywood(2022) Cult of Personality
17%
American Bollywood(2022) Dancing in the Rain
17%
Mirror Master(2018) Darkest Shade of Blue
17%
Mind over Matter(2014) Eros
17%
Mind over Matter(2014) Firelight
17%
Young the Giant(2010) Garands
17%
Mirror Master(2018) Glory
17%
American Bollywood(2022) Happy
17%
American Bollywood(2022) I Bite
17%
Mind over Matter(2014) In My Home
17%
American Bollywood(2022) Insomnia
17%
Young the Giant(2010) Islands
17%
Home of the Strange(2016) Mr. Know-It-All
17%
American Bollywood(2022) My Way
17%
Home of the Strange(2016) Nothing's Over
17%
Mirror Master(2018) Oblivion
17%
Mirror Master(2018) Panoramic Girl
17%
Mind over Matter(2014) Paralysis
17%
Home of the Strange(2016) Repeat
17%
American Bollywood(2022) Same Folk
17%
Mirror Master(2018) Simplify
17%
Mind over Matter(2014) Slow Dive
17%
Young the Giant(2010) St. Walker
17%
American Bollywood(2022) The Walk Home
17%
American Bollywood(2022) Tonight
17%
Young the Giant(Bonus)(2010) Typhoon
17%
American Bollywood(2022) Wake Up
17%
Mind over Matter(2014) Waves
17%
American Bollywood(2022) Dollar $tore
0%
Home of the Strange(2016) Elsewhere
0%
American Bollywood(2022) Guardian Angel
0%
Young the Giant(2010) Guns Out
0%
American Bollywood(2022) Otherside
0%
American Bollywood(2022) Tomorrow
0%
Young the Giant(2010) Your Side
0%
No matching quizzes found
Score Distribution
Percent of People with Each Score
Percentile by Number Answered
Your Score History
You have not taken this quiz